[Event "AUTO-ADV-4553"]
[Site "http://www.queenalice.com/game.php?id=1773156"]
[Date "2021.10.25"]
[Round "1"]
[White "ebpap123"]
[Black "maurice91"]
[Result "0-1"]
[WhiteElo "1803"]
[BlackElo "1788"]

1. e4 c5 2. Nf3 Nc6 3. d4 cxd4 4. Nxd4 e6 5. Be3 d5 6. Bb5 Bd7 7. Nxc6 bxc6 8.
Ba4 Nf6 9. exd5 Nxd5 10. Bd2 Bc5 11. c3 O-O 12. O-O Rb8 13. Qc1 Qc7 14. b4 Bb6
15. a3 c5 16. Bxd7 Qxd7 17. c4 Nf6 18. b5 Ne4 19. Bf4 f5 20. Bxb8 Rxb8 21. Rd1
Qf7 22. Nd2 Nf6 23. Nf3 Ne4 24. Qf4 Bc7 25. Qe3 h6 26. Rd3 Re8 27. Rad1 Nf6 28.
Qxc5 Bb6 29. Qb4 Ne4 30. Rf1 Qf6 31. a4 Bc5 32. Qxc5 Nxc5 33. Ra3 e5 34. Re1 e4
35. Nd2 Nd3 36. Rxd3 Rc8 37. Rd5 g6 38. c5 Qc3 39. c6 Re8 40. Rd1 Qc2 41. Nf1
Qxa4 42. Ne3 a6 43. c7 axb5 44. Rd8 Qxd1+ 45. Nf1 Rxd8 46. cxd8=Q+ Qxd8 0-1

[Event "AUTO-ADV-4553"]
[Site "http://www.queenalice.com/game.php?id=1773157"]
[Date "2021.10.25"]
[Round "1"]
[White "maurice91"]
[Black "ebpap123"]
[Result "0-1"]
[WhiteElo "1787"]
[BlackElo "1786"]

1. d4 Nf6 2. c4 e6 3. Nc3 Bb4 4. Qc2 c5 5. Nf3 cxd4 6. Nxd4 Nc6 7. e3 Be7 8. Be2
O-O 9. O-O Qc7 10. e4 Nxd4 11. Qd3 Nxe2+ 12. Nxe2 b6 13. Rd1 Rd8 14. e5 Ne8 15.
Qc3 Bb7 16. Bf4 d6 17. exd6 Bxd6 18. Bg5 Be7 19. Bf4 Rxd1+ 20. Rxd1 Qc8 21. Be5
Bf6 22. Bxf6 Nxf6 23. b3 h6 24. Nf4 Qc6 25. f3 Qc7 26. Nh3 Rd8 27. Re1 Qd7 28.
f4 Qd4+ 29. Qxd4 Rxd4 30. Re2 Ne4 31. g3 Nc3 32. Rc2 Ne4 33. a3 Rd3 34. Nf2 Nxf2
35. Kxf2 Rxb3 36. c5 bxc5 37. Rxc5 Rxa3 38. Rc7 Bd5 39. Rd7 a6 40. f5 a5 41.
fxe6 Bxe6 42. Rd8+ Kh7 43. Rd1 a4 44. Kg2 Rc3 45. Ra1 Bb3 46. g4 Rc7 47. Kg3 Ra7
48. h3 a3 0-1

[Event "AUTO-ADV-4553"]
[Site "http://www.queenalice.com/game.php?id=1773158"]
[Date "2021.10.25"]
[Round "1"]
[White "ebpap123"]
[Black "mvson33"]
[Result "0-1"]
[WhiteElo "1801"]
[BlackElo "1677"]

1. e4 e5 2. Nf3 Nc6 3. Bb5 d6 4. h3 Nf6 5. d3 Bd7 6. c3 Be7 7. O-O O-O 8. Re1 a6
9. Ba4 b5 10. Bc2 Na7 11. Nbd2 c5 12. Nf1 Qc7 13. Ng3 d5 14. exd5 Bd6 15. c4
Rac8 16. Nxe5 Bxe5 17. Be3 Bxb2 18. Rb1 Bc3 19. Re2 bxc4 20. dxc4 Be5 21. Ba4
Rb8 22. Rxb8 Rxb8 23. Bxd7 Nxd7 24. Qd2 Bd6 25. Nf1 Nf6 26. Qc1 Nc8 27. Nd2 h6
28. Nb3 Nb6 29. Na5 Nbd7 30. Nc6 Rc8 31. Qb1 Nb8 32. Nxb8 Rxb8 33. Qa1 Qa5 34.
Rc2 Qb6 35. g3 Qb1+ 36. Qxb1 Rxb1+ 37. Kg2 Nd7 38. Kf3 Be5 39. Bd2 Rb2 40. Rxb2
Bxb2 41. Ke4 Kf8 42. d6 Be5 43. Kd5 Bf6 44. Kc6 Ke8 45. Kb7 Ne5 0-1

[Event "AUTO-ADV-4553"]
[Site "http://www.queenalice.com/game.php?id=1773159"]
[Date "2021.10.25"]
[Round "1"]
[White "mvson33"]
[Black "ebpap123"]
[Result "1-0"]
[WhiteElo "1654"]
[BlackElo "1824"]

1. e4 c5 2. Nf3 d6 3. Bc4 e6 4. O-O a6 5. a3 Nc6 6. d3 b5 7. Ba2 Nf6 8. Bg5 Be7
9. Nbd2 O-O 10. h3 Bb7 11. Qe2 Qc7 12. Bh4 Rfe8 13. Bg3 a5 14. Nh2 Nd4 15. Qd1
Ba6 16. Nhf3 Nxf3+ 17. Nxf3 b4 18. axb4 axb4 19. Qd2 Bb5 20. Bb3 Ra7 21. Rxa7
Qxa7 22. e5 dxe5 23. Bxe5 Rd8 24. Qe3 Ra8 25. Qg5 Bc6 26. Nh2 Qb7 27. Bc4 Bb5
28. Bxb5 Qxb5 29. Ng4 Kf8 30. Nxf6 Bxf6 31. Bxf6 gxf6 32. Qxf6 Qb8 33. Qh8+ Ke7
34. Qxb8 Rxb8 35. Rd1 Rb7 36. d4 cxd4 37. Rxd4 Rc7 38. Rxb4 Rxc2 39. Rb8 Kf6 40.
b4 Rb2 41. b5 Kf5 42. b6 Kf6 43. b7 Rb5 44. Kf1 Kg6 45. Rg8+ 1-0

[Event "Challenge"]
[Site "http://www.queenalice.com/game.php?id=1773990"]
[Date "2021.11.4"]
[Round "-"]
[White "ebpap123"]
[Black "jpribeiro"]
[Result "1/2-1/2"]
[WhiteElo "1801"]
[BlackElo "1858"]

1. e4 e5 2. Nf3 Nf6 3. Nxe5 d6 4. Nf3 Nxe4 5. d4 d5 6. Be2 Bd6 7. O-O O-O 8.
Nbd2 Nxd2 9. Bxd2 Re8 10. c3 c6 11. Re1 Bg4 12. h3 Bh5 13. Nh2 Bxe2 14. Rxe2
Rxe2 15. Qxe2 Qe7 16. Qxe7 Bxe7 17. Bf4 Nd7 18. Bg3 Nf6 19. Re1 Kf8 20. Nf3
1/2-1/2

[Event "Challenge"]
[Site "http://www.queenalice.com/game.php?id=1774490"]
[Date "2021.11.11"]
[Round "-"]
[White "jpribeiro"]
[Black "ebpap123"]
[Result "1-0"]
[WhiteElo "2073"]
[BlackElo "1773"]

1. e4 c5 2. Nf3 d6 3. d4 cxd4 4. Nxd4 Nf6 5. Nc3 a6 6. f4 e6 7. e5 dxe5 8. fxe5
Nfd7 9. Nf3 Be7 10. h4 h5 11. Bf4 Nc6 12. Be2 g6 13. a3 Qc7 14. O-O Ndxe5 15.
Nxe5 Nxe5 16. Bb5+ axb5 17. Qe2 Bd6 18. g3 b4 19. Nb5 Qc5+ 20. Kg2 Nc4 21. Nxd6+
Nxd6 22. Qe5 Qxe5 23. Bxe5 Rg8 24. Bxd6 bxa3 25. Bxa3 Bd7 26. Rae1 Kd8 27. Rxf7
Bc6+ 28. Kh2 Bd5 29. Ref1 Rc8 30. Rh7 Rxc2+ 31. Kg1 Rg2+ 32. Kh1 Rxb2+ 33. Kg1
1-0

[Event "Challenge"]
[Site "http://www.queenalice.com/game.php?id=1774491"]
[Date "2021.11.11"]
[Round "-"]
[White "ebpap123"]
[Black "jpribeiro"]
[Result "1/2-1/2"]
[WhiteElo "1802"]
[BlackElo "1862"]

1. e4 e5 2. Nf3 Nf6 3. Nxe5 d6 4. Nf3 Nxe4 5. Be2 Be7 6. O-O O-O 7. d4 d5 8. c3
h6 9. Nbd2 Nxd2 10. Bxd2 Bg4 11. Bf4 c6 12. Ne5 Bxe2 13. Qxe2 Nd7 14. Nxd7 Qxd7
15. Bg3 1/2-1/2

[Event "Challenge"]
[Site "http://www.queenalice.com/game.php?id=1776128"]
[Date "2021.12.3"]
[Round "-"]
[White "jpribeiro"]
[Black "ebpap123"]
[Result "1-0"]
[WhiteElo "1962"]
[BlackElo "1787"]

1. e4 c5 2. Nf3 d6 3. d4 cxd4 4. Nxd4 Nf6 5. Nc3 a6 6. f4 e6 7. Qf3 Be7 8. Bd3
O-O 9. Be3 Nc6 10. O-O Nxd4 11. Bxd4 Qc7 12. e5 dxe5 13. fxe5 Nd7 14. Qh5 g6 15.
Qh6 Qd8 16. Rf3 1-0

[Event "Challenge"]
[Site "http://www.queenalice.com/game.php?id=1776129"]
[Date "2021.12.3"]
[Round "-"]
[White "ebpap123"]
[Black "jpribeiro"]
[Result "0-1"]
[WhiteElo "1778"]
[BlackElo "2057"]

1. e4 e5 2. Nf3 Nf6 3. d3 d6 4. Be2 h6 5. O-O Be7 6. Re1 O-O 7. Nbd2 c5 8. c4
Nc6 9. Nf1 Bg4 10. Ng3 a6 11. Bd2 b5 12. b3 bxc4 13. bxc4 a5 0-1

[Event "AUTO-ADV-4566"]
[Site "http://www.queenalice.com/game.php?id=1776445"]
[Date "2021.12.7"]
[Round "1"]
[White "thbn"]
[Black "ebpap123"]
[Result "1-0"]
[WhiteElo "1783"]
[BlackElo "1822"]

1. e4 c5 2. Nf3 d6 3. Bc4 e6 4. O-O a6 5. Nc3 b5 6. Be2 Nc6 7. a3 Nf6 8. Re1 Qc7
9. d4 Be7 10. d5 exd5 11. Nxd5 Nxd5 12. exd5 Nb8 13. Bg5 O-O 14. Bxe7 Re8 15.
Bh4 Nd7 16. Bd3 Bb7 17. Ng5 Nf6 18. Rxe8+ Rxe8 19. c4 bxc4 20. Bxc4 h6 21. Nh3
Nh7 22. Qc2 Qd7 23. Bd3 g6 24. Qd2 Re5 25. Qxh6 Rxd5 26. Be4 Rh5 27. Qf4 Bxe4
28. Qxe4 Re5 29. Qf3 Qe8 30. g3 Re2 31. Rd1 Re6 32. Nf4 Re1+ 33. Rxe1 Qc8 34.
Nd5 Qd7 35. Qe3 Kg7 36. Qc3+ Kg8 37. Bf6 Qf5 38. Ne7+ 1-0

[Event "AUTO-ADV-4566"]
[Site "http://www.queenalice.com/game.php?id=1776446"]
[Date "2021.12.7"]
[Round "1"]
[White "ebpap123"]
[Black "thbn"]
[Result "0-1"]
[WhiteElo "1816"]
[BlackElo "1780"]

1. e4 e5 2. Nf3 Nc6 3. Bb5 Nd4 4. Nxd4 exd4 5. O-O c6 6. Ba4 Qc7 7. d3 Bd6 8. c3
Bxh2+ 9. Kh1 Be5 10. cxd4 Bxd4 11. Nd2 Qd6 12. Nf3 Bb6 13. Bb3 f6 14. Re1 Bxf2
15. Re2 Bb6 16. Bc2 Qc5 17. Be3 Qh5+ 18. Kg1 Ne7 19. Bxb6 axb6 20. Bb3 d6 21.
Kf2 Bg4 22. Re1 O-O-O 23. Rh1 Qc5+ 24. Ke1 d5 25. exd5 Nxd5 26. Bc2 Rhe8+ 27.
Kf1 Ne3+ 0-1

[Event "AUTO-ADV-4566"]
[Site "http://www.queenalice.com/game.php?id=1776461"]
[Date "2021.12.7"]
[Round "1"]
[White "PaulMSains"]
[Black "ebpap123"]
[Result "1-0"]
[WhiteElo "2003"]
[BlackElo "1817"]

1. e4 c5 2. Bc4 e6 3. Nf3 a6 4. O-O b5 5. Be2 Bb7 6. d3 d6 7. Be3 Nc6 8. Nbd2
Qc7 9. h3 Nf6 10. c4 bxc4 11. Nxc4 Be7 12. Qd2 O-O 13. b3 Rfd8 14. a3 a5 15. Nh2
Ba6 16. Ng4 Rab8 17. Rab1 Bxc4 18. bxc4 Rxb1 19. Rxb1 Ra8 20. Bf3 Nxg4 21. Bxg4
Ne5 22. Be2 Bd8 23. d4 cxd4 24. Qxd4 Bf6 25. Qb6 Qxb6 26. Rxb6 Be7 27. f4 Ng6
28. f5 exf5 29. exf5 Ne5 30. Rb7 Bf6 31. Bd2 h6 32. Rb6 Be7 33. Bc3 Rc8 34. Bxa5
Nxc4 35. Bxc4 Rxc4 36. Bb4 Rf4 37. Bxd6 Bxd6 38. Rxd6 Rxf5 39. a4 Rc5 40. Ra6
Rc1+ 41. Kh2 Ra1 42. a5 Kh7 43. Ra8 g5 44. a6 Kg7 45. a7 Kf6 46. Kg3 1-0

[Event "AUTO-ADV-4566"]
[Site "http://www.queenalice.com/game.php?id=1776462"]
[Date "2021.12.7"]
[Round "1"]
[White "ebpap123"]
[Black "PaulMSains"]
[Result "0-1"]
[WhiteElo "1834"]
[BlackElo "1794"]

1. e4 e5 2. Nf3 Nc6 3. Bb5 d6 4. h3 Bd7 5. c3 a6 6. Ba4 b5 7. Bc2 Nf6 8. O-O Be7
9. d4 O-O 10. Re1 Re8 11. Nbd2 h6 12. Nf1 Nh7 13. Ng3 exd4 14. cxd4 Ng5 15. Nxg5
Bxg5 16. Bxg5 Qxg5 17. Qd3 Nb4 18. Qc3 c5 19. dxc5 dxc5 20. Qxc5 Qxc5 0-1